Cargando...

ലോകനവോത്ഥാനം

Detalles Bibliográficos
Autores principales: ഷിജു ഏലിയാസ്, Shiju Elias
Formato: Printed Book
Publicado: Trivandrum; Chintha Publishers; 2009
Edición:2nd(1st2007)
Materias:
LEADER 00693nam a22001937a 4500
020 |a 81-262-0309-9 
082 |a 894.M07  |b SHI/L P9 
100 |a ഷിജു ഏലിയാസ്  |9 266555 
100 |a Shiju Elias  |9 266556 
240 |a Lokanavodhanam 
245 |a ലോകനവോത്ഥാനം 
250 |a 2nd(1st2007) 
260 |a Trivandrum;  |b Chintha Publishers;  |c 2009 
300 |a 120p. 
650 |a മലയാളം; പഠനം  |9 266557 
650 |a Malayalam; Study  |9 266558 
942 |c BK 
999 |c 49309  |d 49309 
952 |0 0  |1 0  |4 0  |6 894_000000000000000_M07_SHI_L_P9  |7 0  |8 STU  |9 58138  |a MAL  |b MAL  |d 2016-03-04  |e 51945  |g 65.00  |l 0  |o 894.M07 SHI/L P9  |p MAL051945  |r 2016-03-04  |t 1  |w 2016-03-04  |y BK